| 000 | 00925nam a2200277 a 4500 | ||
|---|---|---|---|
| 001 | BRL_1605 | ||
| 005 | 20190320211302.0 | ||
| 008 | 110414s1999----ck-aob####---#000-0#spa-# | ||
| 020 | _a9586380130 | ||
| 041 | _aspa | ||
| 044 | _ack | ||
| 050 | 4 |
_aF2270.1.G57 _b.R45 1999 |
|
| 100 | 1 |
_aReichel-Dolmatoff, Gerardo _927420 |
|
| 245 | 1 | 0 |
_aOrfebrería y chamanismo _bun estudio iconográfico del Museo del Oro _cGerardo Reichel-Dolmatoff ; fotografía Jorge Mario Múnera. |
| 260 |
_aMedellín, Colombia _bColina _c1999 |
||
| 300 |
_a174 p. _bil., fotografías (a color), mapas _c33 cm. |
||
| 500 | _aAu880 | ||
| 504 | _aBibliografía: p. 169-174 | ||
| 650 | 1 | 4 |
_aIndígenas _xOrfebrería _zColombia _927421 |
| 650 | 1 | 4 |
_aMitología indígena _zColombia _927422 |
| 650 | 1 | 4 |
_aChamanismo _zColombia _927423 |
| 700 | 1 |
_aMúnera, Jorge Mario _eil. _927424 |
|
| 710 | 2 |
_aMuseo del Oro _927425 |
|
| 902 | _aGRL | ||
| 942 |
_2lcc _cB |
||
| 999 |
_c10414 _d10414 |
||